Angel Salvaje

Сохранить в:
Библиографические подробности
Главный автор: Duverran, Carlos Rafael
Формат:
Язык:Undetermined
Опубликовано: San José, Costa Rica Editorial Aurora Social 1959
Предметы:
Метки: Добавить метку
Нет меток, Требуется 1-ая метка записи!

MARC

LEADER 00000nam a2200000Ia 4500
008 170316s9999 xx 000 0 und d
040 |a cru BVZT 
090 |a 868 D-17a 
100 |a Duverran, Carlos Rafael 
245 |a Angel Salvaje 
260 |a San José, Costa Rica 
260 |b Editorial Aurora Social 
260 |c 1959 
300 |a 58 páginas 
650 |a LITERATURA COSTARRICENSE 
650 |a POEMAS 
999 |c 10940  |d 10940 
942 |c 15 D  |h 868 D-17a  |2 z